000 00524cam a22002171 4500
001 sa 64005873
003 DLC
005 20260227112035.0
008 890731s1963 ii 000 0 hino
010 _asa 64005873
035 _a(OCoLC)20103802
040 _aDLC
_cWaU
_dDLC
042 _apremarc
050 0 0 _aLB775.G22
_bU6
100 1 _aUpādhyāya, Śambhūnātha.
245 1 0 _aBesika śikshā.
260 _c[1963]
300 _a32 p.
_c21 cm.
500 _aIn Hindi.
650 0 _aWardha scheme of education.
999 _c59378
_d59378